000
00216nam a22001097a 4500
082
_a
QUD
100
_a
Quddratullah
245
_a
Shahab Nama URDU
260
_b
Singmail pub
_c
1988
300
_a
1247
942
_c
BK
999
_c
14817
_d
14817